A century of progress in Head & Neck Cancer (Record no. 24701)

MARC details
000 -LEADER
fixed length control field 00400nam a22001577a 4500
003 - CONTROL NUMBER IDENTIFIER
control field SGT
020 ## - INTERNATIONAL STANDARD BOOK NUMBER
International Standard Book Number 9789351523123
082 ## - DEWEY DECIMAL CLASSIFICATION NUMBER
Classification number 616.0707
Item number C14S
100 ## - MAIN ENTRY--PERSONAL NAME
Personal name Shah, Jatin P.
245 ## - TITLE STATEMENT
Title A century of progress in Head & Neck Cancer
260 ## - PUBLICATION, DISTRIBUTION, ETC. (IMPRINT)
Place of publication, distribution, etc Delhi, India
Name of publisher, distributor, etc Jaypee Brothers
Year of Publication 2014
300 ## - PAGE DESCRIPTION
No. of Pages 313
650 ## - SUBJECT ADDED ENTRY--TOPICAL TERM
Topical term or geographic name as entry element Oral & Maxillofacial Surgery
653 ## - KEYWORDS--INDEX TERM
Keyword term Oral & Neck Cancer
942 ## - ADDED ENTRY ELEMENTS (KOHA)
Source of classification or shelving scheme Dewey Decimal Classification
Koha item type Books
Holdings
Withdrawn status Lost status Source of classification or shelving scheme Damaged status Not for loan Home library Current library Shelving location Date acquired Vendor Name SGTU Bill Number Full call number Accession No. (Barcode) Date last seen Bill Date Koha item type
    Dewey Decimal Classification     SGT Dental Library SGT Dental Library Reference Book 03/08/2023 Ahuja Book Co. Pvt. Ltd. SGTU 16974 616.0707 C14S FD9033 03/08/2023 28/06/2023 Books